Le théâtre : Texte, dramaturgie, histoire (notice n° 1567162)
[ vue normale ]
| 000 -LEADER | |
|---|---|
| fixed length control field | 01018cam a2200133 4500500 |
| 005 - DATE AND TIME OF LATEST TRANSACTION | |
| control field | 20251214002556.0 |
| 041 ## - LANGUAGE CODE | |
| Language code of text/sound track or separate title | fre |
| 042 ## - AUTHENTICATION CODE | |
| Authentication code | dc |
| 100 10 - MAIN ENTRY--PERSONAL NAME | |
| Personal name | Couprie, Alain |
| Relator term | author |
| 245 00 - TITLE STATEMENT | |
| Title | Le théâtre : Texte, dramaturgie, histoire |
| 260 ## - PUBLICATION, DISTRIBUTION, ETC. | |
| Name of publisher, distributor, etc. | Armand Colin,<br/> |
| Date of publication, distribution, etc. | 2009.<br/> |
| 520 ## - SUMMARY, ETC. | |
| Summary, etc. | Étudier le théâtre suppose de s’interroger sur le statut original du texte théâtral, à la fois œuvre littéraire et matière du spectacle. À l’aide d’exemples empruntés au répertoire classique et contemporain, cet ouvrage fournit des éléments de méthode pour aborder la lecture d’une œuvre théâtrale : spécificité du langage, dramaturgie, mise en scène… Il propose également un panorama historique des différentes théories esthétiques concernant la comédie, la tragédie et le drame.Cette nouvelle édition revue et corrigée prend en compte les derniers acquis des études théâtrales. |
| 856 41 - ELECTRONIC LOCATION AND ACCESS | |
| Uniform Resource Identifier | <a href="https://shs.cairn.info/le-theatre--9782200354466?lang=fr&redirect-ssocas=7080">https://shs.cairn.info/le-theatre--9782200354466?lang=fr&redirect-ssocas=7080</a> |
Pas d'exemplaire disponible.




Réseaux sociaux